000 00630nam a2200229Ia 4500
003 OSt
005 20221007074854.0
006 a|||||r|||| 00| 0
007 ta
008 221006b |||||||| |||| 00| 0 eng d
024 _a7,201
037 _cTextual
040 _aFLL
_cFLL
_beng
041 _2eng
_aeng
082 _aZ2:194qN50:9, K6;7
100 _aPrem Daulat Ram Au.
_9681328
245 0 _aCommentaries on military law
260 _aNew Delhi
_bArora law house India
_c1966
300 _a426p
_ccm.
942 _hZ2:194qN50:9, K6;7
_cTEXL
_2CC
999 _c1153983
_d1153983